|
|
|
|
| LEADER |
01016nam a2200241 a 4500 |
| 001 |
11851254 |
| 008 |
100505s1998 enka 000 0 eng d |
| 010 |
|
|
|a 99059757
|
| 020 |
|
|
|a 0521628431
|
| 040 |
|
|
|a DLC
|c DLC
|d DLC
|d BD-DhAAL
|
| 082 |
0 |
0 |
|a 428.2/4
|2 21
|
| 100 |
1 |
|
|a Richards, Jack C.
|
| 245 |
1 |
0 |
|a New interchange :
|b English for international communication : intro student's book 3b /
|c Jack C. Richards.
|
| 260 |
|
|
|a Cambridge, UK ;
|a New York :
|b Cambridge University Press,
|c 1998.
|
| 300 |
|
|
|a 1 v. (various pagings) :
|b col. ill. ;
|c 28 cm.
|
| 541 |
1 |
|
|e 00009025
|
| 650 |
|
0 |
|a English language
|v Textbooks for foreign speakers.
|
| 650 |
|
0 |
|a Communication, International
|v Problems, exercises, etc.
|
| 700 |
1 |
|
|a Hull, Jonathan,
|d 1949-
|
| 700 |
1 |
|
|a Proctor, Susan,
|d 1945-
|
| 852 |
4 |
|
|a Ayesha Abed Library
|j General shelf
|
| 999 |
|
|
|c 8411
|d 8411
|
| 952 |
|
|
|0 0
|1 0
|2 ddc
|4 0
|6 428_240000000000000_RIC_1998
|7 0
|9 9829
|a BRACUL
|b BRACUL
|c GEN
|d 2010-05-06
|l 3
|m 8
|o 428.24 RIC
|p 3010009025
|r 2021-02-03
|s 2019-11-28
|t 1
|w 2010-05-06
|y BK
|